000 02292cam a22005654i 4500
003 PE-LiUPU
005 20250731173046.0
008 130419s2013 txu rb 001 0 eng d
020 _a9781602589827
_q(pbk. ;
_qacid-free paper)
035 _a(Sirsi) i9781602589827
035 _a(OCoLC)826895206
040 _aDLC
_bspa
_erda
_cDLC
_dYDX
_dYDXCP
_dBTCTA
_dUKMGB
_dCFT
_dCDX
_dOCLCF
_dCHVBK
_dYUS
_dZCU
_dRCT
_dOCLCQ
_dPE-LiUPU
049 _aPRUA
050 0 0 _aBS2825.52
_b.C48 2013
082 0 0 _a228.0609
_bCh553
_223
100 1 _aChilton, Bruce.,
_eautor
245 1 0 _aVisions of the Apocalypse :
_breceptions of John's revelation in western imagination /
_cBruce Chilton.
264 1 _aWaco, Texas :
_bBaylor University Press,
_c[2013].
300 _avi, 169 páginas ;
_c22 centímetros
336 _atext
_2rdacontent
337 _aunmediated
_2rdamedia
338 _avolume
_2rdacarrier
504 _aBibliografía : páginas 147-157.
504 _aÍndices : páginas 159-169.
505 0 _aA thousand years of joy -- Transcendent power -- Oracle of redemption -- War with the antichrist -- The progress of the saints -- Hell on earth -- Visions in Patmos, and beyond.
526 _aSEG42
526 _aSEG41
526 _aSEG40
526 _aSEG39
526 _aP94
526 _aP87
526 _aP86
526 _aP85
526 _aP77
526 _aP76
526 _aP35
630 0 0 _aBible.
_pRevelation
_xCriticism, interpretation, etc.
630 0 4 _aBiblia.
_pApocalipsis
_xCrítica, interpretación,
630 0 7 _aBible.
_pRevelation.
_2fast
_0(OCoLC)fst01892943
630 0 7 _aJohannes-Apokalypse.
_2gnd
650 7 _aRezeption.
_2gnd
655 7 _aCriticism, interpretation, etc.
_2fast
_0(OCoLC)fst01411635
910 _adbm
_bjpc
_cjpc
_d20171201
942 _2ddc
_cBOOK
949 _a228.0609 Ch553
_wDEWEY
_c1
_i77341
_lCATALOGING
_mBUL
_p29.95
_r0
_sY
_tBOOK
_u2017-12-04
_xPOSGRADO
_PP85
_0DONACION
_o.STAFF. Colección Teología
994 _aC0
_bPEPRU
596 _a1
999 _a228.0609 CH553
_wDEWEY
_c26469
_i77341
_d26469
_e2019-1-31
_f2021-11-9
_g4
_lCCODEBUL1
_mBUL
_n6
_p29.95
_q4
_r0
_sY
_tBOOK
_u2017-12-4
_xTEOLOGIA
_PP85
_0COMPRA
_o.STAFF. Colección Teología
980 _81
_gALBERTO SANCHEZ Responsable de Automatización